00628nam a2200193 a 450000500170000000800410001702000180005805000300007610000180010624500320012426000410015630000220019744000340021965000130025365000210026694200120028799900170029995201180031620140310183227.0021129s19uu xx 00 eng d a0-345-30899-9 aPS 3551.S5b.As8316f 1983 aAsimov, Isaac aFoundation /cIsaac Asimov. aNew York :bBallantine Books,c1983. a236 p. :c17 cm.  aThe classic foundation series aFantasy. aScience fiction. cBK2lcc c20438d20438 00102lcc40aCLbCLcFICd2004-08-02l0oPS 3551.S5 .As8316f 1983pC4382r2018-05-08 00:00:00t1w2013-10-10yBK